Ditloids - Statistics

General Stats
  • This quiz has been taken 357 times
  • The average score is 8 of 20
Answer Stats
Hint Answer % Correct
12 M in a Y months year
100%
52 W in a Y weeks year
80%
26 L of the A letters alphabet
79%
24 H in a D hours day
74%
31 D in D days december
62%
7 W of the W wonders world
57%
197 C in the W countries world
55%
88 K on a P keys piano
43%
66 B of the B books bible
36%
90 D in a R A degrees right angle
32%
18 H on a G C holes golf course
31%
3 W on a T wheels tricycle
30%
4 S on a S sides square
23%
8 P in the S S planets solar system
21%
14 L in a S lines sonnet
19%
8 T on an O tentacles octopus
18%
9 P in S A provinces south africa
13%
20 N on a D B numbers dart board
12%
11 P on a S T players soccer team
12%
7 H P N harry potter novels
6%
No matching quizzes found
Score Distribution
Percent of People with Each Score
Percentile by Number Answered
Your Score History
You have not taken this quiz